| 000 | 00405nam a2200181Ia 4500 | ||
|---|---|---|---|
| 001 | 858 | ||
| 005 | 20260306140549.0 | ||
| 008 | 260306t2001||||xx |||||||||||||| ||spa|| | ||
| 041 | _aESP | ||
| 082 |
_a170 _bT89 |
||
| 100 |
_aTugendhat, Ernst _eAUT |
||
| 245 | 0 | _aLecciones de ética | |
| 260 | _c2001 | ||
| 300 |
_a374 páginas : _c23 cm. |
||
| 650 | _aGEN | ||
| 654 | _aCHU | ||
| 942 |
_cLIB _dJUS _fJUS _2ddc _n |
||
| 999 |
_c858 _d858 |
||